header

Complex locations (Record no. 160485)

MARC details
000 -LEADER
fixed length control field 01401nam a2200349Ia 4500
100 1# - MAIN ENTRY--AUTHOR NAME
Personal name Maddrell, Avril,
245 10 - TITLE STATEMENT
Title Complex locations
260 ## - PUBLICATION, DISTRIBUTION, ETC. (IMPRINT)
Place of publication Chichester, U.K. ;
-- Malden, MA :
Name of publisher Wiley-Blackwell,
Year of publication 2009.
300 ## - PHYSICAL DESCRIPTION
Number of Pages xvi, 411 p. :
Other physical details ill., maps.
490 1# - SERIES STATEMENT
Series statement RGS-IBG book series
650 #0 - SUBJECT ADDED ENTRY--TOPICAL TERM
Topical Term Women geographers
Topical Term Geography
Topical Term Women in higher education
856 40 - ELECTRONIC LOCATION AND ACCESS
Uniform Resource Identifier http://site.ebrary.com/lib/rucke/Doc?id=10308117

No items available.

© 2026 Rongo University
Contact us: librarian | system librarian | Rongo university